000 00458cam a2200181ua 4500
001 1580
008 110712n ii |||gr||||Z||||||asm
020 _a81-7339-027-4
040 _cMAIN
082 _a330.01
100 1 _aHuda, Monirul,
_eAuthor.
245 1 _aArthanitir tattva
_cby Monirul Huda
260 _aGuahati:
_bBanalata,995.
_aDibrugarh:
300 _a432p:
_bill;
_c23cm.
653 _aeconomics
653 _aprinciples of economics
942 _cBK
999 _c1467
_d1467